[Event "CYCC U10 w"]
[Site "Ottawa CAN"]
[Date "2007.07.05"]
[Round "5"]
[White "Baxter, Tiffany"]
[Black "Carradice, Moriah"]
[Result "0-1"]
[WhiteElo "832"]
[BlackElo "778"]
[PlyCount "102"]
[GameId "2160767910650822"]
[EventDate "2007.07.03"]
[EventType "swiss"]
[EventRounds "6"]
[EventCountry "CAN"]
[SourceTitle "EXT 2022"]
[Source "ChessBase"]
[SourceDate "2021.10.06"]
[SourceVersion "1"]
[SourceVersionDate "2021.10.06"]
[SourceQuality "1"]

1. d4 e6 2. h3 Bb4+ 3. Bd2 Bd6 4. Bc1 Bb4+ 5. Nd2 Nf6 6. g3 Bd6 7. h4 Bb4 8. f3 Nh5 9. c3 Nxg3 10. Bg2 Bd6 11. b3 Nh5 12. e3 Bg3+ 13. Kf1 Bd6 14. f4 Ng3+ 15. Kf2 Nf5 16. Ke1 Nxe3 17. Qe2 Nf5 18. Nf1 Nxh4 19. Nd2 Bxf4 20. Qd1 Nxg2+ 21. Kf1 Ne3+ 22. Kf2 Nxd1+ 23. Kf1 Ne3+ 24. Ke1 Bg3+ 25. Ke2 Bf4 26. Nf1 Ng2 27. c4 d5 28. Nf3 Nh4 29. N1d2 f6 30. Rg1 O-O 31. Ba3 Rf7 32. Nh2 Bxh2 33. Nf3 Nf5 34. Nxh2 Nh4 35. Rg4 Nf5 36. Rf1 e5 37. Bc1 Nxd4+ 38. Kd1 Nf5 39. Rg5 fxg5 40. Rg1 Rd7 41. Nf3 Rd6 42. Nxg5 Rg6 43. a3 Nh4 44. Rg4 Nf5 45. a4 Nd4 46. b4 dxc4 47. Rh4 Bd7 48. Rxh7 Nf5 49. b5 c6 50. Ba3 Rxg5 51. Rh2 Rg1+ 0-1

[Event "CYCC U10 w"]
[Site "Ottawa CAN"]
[Date "2007.07.05"]
[Round "5"]
[White "Dumais, Alexe"]
[Black "Leveille, Maryse"]
[Result "0-1"]
[WhiteElo "769"]
[BlackElo "1011"]
[PlyCount "148"]
[GameId "2160767910650823"]
[EventDate "2007.07.03"]
[EventType "swiss"]
[EventRounds "6"]
[EventCountry "CAN"]
[SourceTitle "EXT 2022"]
[Source "ChessBase"]
[SourceDate "2021.10.06"]
[SourceVersion "1"]
[SourceVersionDate "2021.10.06"]
[SourceQuality "1"]

1. d4 d5 2. Nf3 Nc6 3. Nc3 Nf6 4. Bf4 Bf5 5. e3 e6 6. Bd3 Be7 7. O-O O-O 8. Bxf5 exf5 9. b4 Nxb4 10. Rb1 Nc6 11. e4 dxe4 12. Nd2 Qxd4 13. Ne2 Qd7 14. Nc4 Qxd1 15. Rfxd1 Bb4 16. Bd2 Bxd2 17. Rxd2 Rfd8 18. Nd4 Nxd4 19. c3 Nc6 20. Rxd8+ Rxd8 21. Rc1 b6 22. Kf1 Na5 23. Nxa5 bxa5 24. Ke1 Ng4 25. h3 Nh2 26. Rd1 Rxd1+ 27. Kxd1 Nf1 28. Ke1 Nh2 29. Ke2 f4 30. Kd2 f3 31. Ke3 fxg2 32. Ke2 g1=Q 33. Ke3 Qe1+ 34. Kf4 Qc1+ 35. Kxe4 Qxc3 36. h4 Qf3+ 37. Ke5 f6+ 38. Ke6 Qe2+ 39. Kf5 Qc2+ 40. Kf4 Qxf2+ 41. Ke4 Qf3+ 42. Kd4 c5+ 43. Kxc5 Qf5+ 44. Kc6 Nf3 45. h5 Nd4+ 46. Kd6 Qe6+ 47. Kc5 Qe5+ 48. Kc4 Qb5+ 49. Kxd4 Qxh5 50. a4 Qh4+ 51. Kd5 Qxa4 52. Kc5 Qh4 53. Kd6 f5 54. Ke5 Qe1+ 55. Kxf5 g5 56. Kxg5 h5 57. Kxh5 Kf7 58. Kg4 Qf2 59. Kh5 Qf3+ 60. Kh4 Qf4+ 61. Kh5 Qe4 62. Kg5 Qg6+ 63. Kh4 Kf6 64. Kh3 Qh5+ 65. Kg3 a4 66. Kg2 a3 67. Kf1 a2 68. Ke1 a1=R+ 69. Kf2 Qc5+ 70. Kg3 Ra4 71. Kf3 Rb4 72. Kg3 Qc3+ 73. Kg2 Rb2+ 74. Kg1 Qc1# 0-1

[Event "CYCC U10 w"]
[Site "Ottawa CAN"]
[Date "2007.07.05"]
[Round "5"]
[White "Foote, Joanne"]
[Black "Dawson, Laura Jane"]
[Result "1-0"]
[WhiteElo "1218"]
[BlackElo "1434"]
[PlyCount "97"]
[GameId "2160767910650824"]
[EventDate "2007.07.03"]
[EventType "swiss"]
[EventRounds "6"]
[EventCountry "CAN"]
[SourceTitle "EXT 2022"]
[Source "ChessBase"]
[SourceDate "2021.10.06"]
[SourceVersion "1"]
[SourceVersionDate "2021.10.06"]
[SourceQuality "1"]

1. e4 d5 2. exd5 Qxd5 3. Nc3 Qa5 4. Nf3 Nf6 5. Bc4 c6 6. O-O Bg4 7. h3 Bf5 8. d4 e6 9. Bf4 Nbd7 10. a3 Be7 11. b4 Qd8 12. Re1 O-O 13. Bb3 a6 14. Nh4 Re8 15. Nxf5 exf5 16. Qd3 g6 17. Bh6 Bf8 18. Qd2 Rxe1+ 19. Rxe1 Bxh6 20. Qxh6 Qf8 21. Qxf8+ Rxf8 22. d5 Rc8 23. d6 Rd8 24. Re7 Kf8 25. Rxf7+ Kg8 26. Rxd7+ Kf8 27. Rxd8+ Kg7 28. d7 h5 29. Be6 Nxd7 30. Rxd7+ Kf6 31. Bb3 Ke5 32. Rxb7 Kd4 33. Ne2+ Ke5 34. Rb6 g5 35. Kh2 g4 36. Rxa6 gxh3 37. Kxh3 Ke4 38. Ng3+ Kf4 39. Nxh5+ Kg5 40. Ng3 f4 41. Ne2 Kf5 42. Rxc6 Ke5 43. a4 Kf5 44. a5 Ke5 45. a6 Kf5 46. a7 Ke5 47. a8=Q Kf5 48. Qf8+ Ke5 49. Re6# 1-0

[Event "CYCC U10 w"]
[Site "Ottawa CAN"]
[Date "2007.07.05"]
[Round "5"]
[White "Giblon, Rebecca"]
[Black "Kang, Lin Fei"]
[Result "0-1"]
[WhiteElo "1324"]
[BlackElo "1265"]
[PlyCount "112"]
[GameId "2160767910650825"]
[EventDate "2007.07.03"]
[EventType "swiss"]
[EventRounds "6"]
[EventCountry "CAN"]
[SourceTitle "EXT 2022"]
[Source "ChessBase"]
[SourceDate "2021.10.06"]
[SourceVersion "1"]
[SourceVersionDate "2021.10.06"]
[SourceQuality "1"]

1. e4 e5 2. Nf3 Nc6 3. d4 exd4 4. Nxd4 Nxd4 5. Qxd4 Nf6 6. Nc3 b6 7. e5 Bc5 8. Qf4 Qe7 9. Be2 Ng8 10. O-O Bb7 11. Re1 O-O-O 12. Bf3 f6 13. Bxb7+ Kxb7 14. Qe4+ Kb8 15. exf6 Qxe4 16. Rxe4 Nxf6 17. Re2 Rhf8 18. h3 d5 19. Bg5 h6 20. Bh4 g5 21. Bg3 a6 22. Rd1 d4 23. Red2 Kc8 24. Ne2 Ne4 25. Rd3 Nxg3 26. Nxg3 Rde8 27. a3 a5 28. Kf1 Bd6 29. Ne2 c5 30. c3 c4 31. R3d2 d3 32. Nd4 Bc5 33. Rc1 Kb7 34. Kg1 Ka6 35. a4 Bxd4 36. cxd4 b5 37. axb5+ Kxb5 38. b3 cxb3 39. Rxd3 a4 40. Kf1 Kb4 41. d5 a3 42. Rb1 b2 43. d6 Rc8 44. Ke1 Rc1+ 45. Rd1 Rxb1 46. Rxb1 Kb3 47. Rd1 a2 48. Rd3+ Kc2 49. Rd2+ Kc3 50. Rd1 a1=Q 51. Rxa1 bxa1=Q+ 52. Ke2 Re8+ 53. Kf3 Qd1+ 54. Kg3 Qxd6+ 55. Kg4 Re4+ 56. Kh5 Rh4# 0-1

[Event "CYCC U10 w"]
[Site "Ottawa CAN"]
[Date "2007.07.05"]
[Round "5"]
[White "Mehdiyeva, Masha"]
[Black "Dumais, Pascale"]
[Result "1-0"]
[WhiteElo "1083"]
[BlackElo "1026"]
[PlyCount "27"]
[GameId "2160767910650826"]
[EventDate "2007.07.03"]
[EventType "swiss"]
[EventRounds "6"]
[EventCountry "CAN"]
[SourceTitle "EXT 2022"]
[Source "ChessBase"]
[SourceDate "2021.10.06"]
[SourceVersion "1"]
[SourceVersionDate "2021.10.06"]
[SourceQuality "1"]

1. e4 e5 2. Nf3 Nc6 3. Nc3 Bc5 4. Bb5 Nf6 5. d3 O-O 6. O-O d6 7. Bg5 Bg4 8. Nd5 Qc8 9. Nxf6+ gxf6 10. Bxf6 Nd4 11. a4 c6 12. Bc4 a6 13. Qd2 b5 14. Qg5# 1-0

[Event "CYCC U10 w"]
[Site "Ottawa CAN"]
[Date "2007.07.05"]
[Round "6"]
[White "Carradice, Moriah"]
[Black "Giblon, Rebecca"]
[Result "0-1"]
[WhiteElo "778"]
[BlackElo "1324"]
[PlyCount "60"]
[GameId "2160767910650827"]
[EventDate "2007.07.03"]
[EventType "swiss"]
[EventRounds "6"]
[EventCountry "CAN"]
[SourceTitle "EXT 2022"]
[Source "ChessBase"]
[SourceDate "2021.10.06"]
[SourceVersion "1"]
[SourceVersionDate "2021.10.06"]
[SourceQuality "1"]

1. e3 e5 2. Nf3 Nc6 3. Bb5 e4 4. Nd4 a6 5. Bc4 Nxd4 6. exd4 d5 7. Bb3 Nf6 8. O-O Bd6 9. Ba4+ b5 10. Bb3 O-O 11. d3 Bg4 12. Qe1 Re8 13. dxe4 dxe4 14. Bg5 c5 15. f4 exf3 16. a4 Rxe1 17. Rxe1 fxg2 18. Kxg2 cxd4 19. Rf1 Be6 20. Bxf6 gxf6 21. Na3 Bxb3 22. cxb3 Bxa3 23. bxa3 Qd5+ 24. Rf3 Re8 25. Raf1 Re3 26. Kf2 Rxf3+ 27. Ke1 Qe4+ 28. Kd1 Rxf1+ 29. Kd2 Qe3+ 30. Kc2 Qc3# 0-1

[Event "CYCC U10 w"]
[Site "Ottawa CAN"]
[Date "2007.07.05"]
[Round "6"]
[White "Dawson, Laura Jane"]
[Black "Dumais, Alexe"]
[Result "1-0"]
[WhiteElo "1434"]
[BlackElo "769"]
[PlyCount "71"]
[GameId "2160767910650828"]
[EventDate "2007.07.03"]
[EventType "swiss"]
[EventRounds "6"]
[EventCountry "CAN"]
[SourceTitle "EXT 2022"]
[Source "ChessBase"]
[SourceDate "2021.10.06"]
[SourceVersion "1"]
[SourceVersionDate "2021.10.06"]
[SourceQuality "1"]

1. f4 e6 2. Nf3 Nc6 3. b3 Nf6 4. Bb2 Nh5 5. e3 Bc5 6. Bb5 Na5 7. Be2 O-O 8. d3 d6 9. Qd2 b6 10. Nc3 Bd7 11. O-O-O Bb5 12. Nxb5 a6 13. Nc3 d5 14. Ne5 f6 15. Nf3 e5 16. fxe5 fxe5 17. e4 c6 18. h3 dxe4 19. Nh2 exd3 20. Qxd3 Qc7 21. Qe4 Rfd8 22. Rxd8+ Rxd8 23. Bd3 Nf6 24. Qf3 Nd7 25. g3 Nb8 26. g4 Re8 27. h4 h6 28. g5 Rf8 29. Qe2 e4 30. Nxe4 Bd6 31. Nxd6 Qxd6 32. gxh6 gxh6 33. Rg1+ Kf7 34. Rf1+ Kg8 35. Qg2+ Qg6 36. Qxg6# 1-0

[Event "CYCC U10 w"]
[Site "Ottawa CAN"]
[Date "2007.07.05"]
[Round "6"]
[White "Jodoin, Gabrielle"]
[Black "Baxter, Tiffany"]
[Result "1-0"]
[WhiteElo "1075"]
[BlackElo "832"]
[PlyCount "67"]
[GameId "2160767910650829"]
[EventDate "2007.07.03"]
[EventType "swiss"]
[EventRounds "6"]
[EventCountry "CAN"]
[SourceTitle "EXT 2022"]
[Source "ChessBase"]
[SourceDate "2021.10.06"]
[SourceVersion "1"]
[SourceVersionDate "2021.10.06"]
[SourceQuality "1"]

1. e4 a6 2. Nf3 Nh6 3. d4 Nc6 4. Nc3 g6 5. Bc4 b6 6. O-O b5 7. Bd3 g5 8. d5 Na5 9. Bxg5 f6 10. Be3 Nb7 11. Qc1 Nd6 12. Bxh6 Nf7 13. Bxf8 Rxf8 14. d6 cxd6 15. e5 dxe5 16. a4 Bb7 17. axb5 axb5 18. Nxb5 Rc8 19. b3 Nh8 20. Bc4 Ra8 21. Qh6 Nf7 22. Qxh7 Bc6 23. Rxa8 Bxa8 24. Ra1 Bc6 25. Ra7 d6 26. Nc7+ Kd7 27. Ne6+ Bb7 28. Rxb7+ Kc8 29. Nxd8 Rxd8 30. Rxe7 Ng5 31. Ba6+ Kb8 32. Rb7+ Ka8 33. Qc7 Rb8 34. Qxb8# 1-0

[Event "CYCC U10 w"]
[Site "Ottawa CAN"]
[Date "2007.07.05"]
[Round "6"]
[White "Kang, Lin Fei"]
[Black "Foote, Joanne"]
[Result "0-1"]
[WhiteElo "1265"]
[BlackElo "1218"]
[PlyCount "52"]
[GameId "2160767910650830"]
[EventDate "2007.07.03"]
[EventType "swiss"]
[EventRounds "6"]
[EventCountry "CAN"]
[SourceTitle "EXT 2022"]
[Source "ChessBase"]
[SourceDate "2021.10.06"]
[SourceVersion "1"]
[SourceVersionDate "2021.10.06"]
[SourceQuality "1"]

1. e4 e6 2. d4 d5 3. e5 c5 4. c3 Qb6 5. Nf3 Bd7 6. Be2 Bb5 7. O-O Bxe2 8. Qxe2 Ne7 9. b3 Nf5 10. Bb2 Nc6 11. Qd3 Be7 12. Na3 a6 13. Qd2 h6 14. Rac1 cxd4 15. Nxd4 Nfxd4 16. cxd4 O-O 17. Nb1 Rac8 18. a3 Qxb3 19. Rc3 Qb6 20. Rf3 Na5 21. Bc1 Qxb1 22. Qxa5 Rxc1 23. h3 Rxf1+ 24. Kh2 Bh4 25. g3 Rh1+ 26. Kg2 Qg1# 0-1

[Event "CYCC U10 w"]
[Site "Ottawa CAN"]
[Date "2007.07.05"]
[Round "6"]
[White "Leveille, Maryse"]
[Black "Mehdiyeva, Masha"]
[Result "0-1"]
[WhiteElo "1011"]
[BlackElo "1083"]
[PlyCount "84"]
[GameId "2160767910650831"]
[EventDate "2007.07.03"]
[EventType "swiss"]
[EventRounds "6"]
[EventCountry "CAN"]
[SourceTitle "EXT 2022"]
[Source "ChessBase"]
[SourceDate "2021.10.06"]
[SourceVersion "1"]
[SourceVersionDate "2021.10.06"]
[SourceQuality "1"]

1. e4 c5 2. Nf3 d6 3. d4 cxd4 4. Nxd4 Nf6 5. Nc3 g6 6. Be3 Bg7 7. Bd3 O-O 8. O-O Nc6 9. Nxc6 bxc6 10. Qf3 Rb8 11. Bxa7 Rxb2 12. Rab1 Rb7 13. Rxb7 Bxb7 14. Rb1 Qa8 15. Be3 c5 16. h3 Nd7 17. Qg4 Nb8 18. Nd5 Bxd5 19. exd5 Qxa2 20. Rd1 Qxd5 21. Be4 Qe6 22. Qxe6 fxe6 23. Bg5 Rf7 24. Rb1 Na6 25. Ra1 Bxa1 26. Bb7 Bf6 27. h4 Bxg5 28. hxg5 Nb4 29. c3 Nc2 30. Bc6 d5 31. Be8 Rf5 32. g4 Re5 33. f4 Re3 34. Ba4 Rxc3 35. Bd7 d4 36. Bxe6+ Kf8 37. f5 d3 38. f6 d2 39. Kg2 d1=Q 40. f7 Qe2+ 41. Kg1 Rg3+ 42. Kh1 Qg2# 0-1

[Event "CYCC U10 w playoff"]
[Site "Ottawa CAN"]
[Date "2007.07.06"]
[Round "1"]
[White "Foote, Joanne"]
[Black "Giblon, Rebecca"]
[Result "0-1"]
[WhiteElo "1218"]
[BlackElo "1324"]
[PlyCount "114"]
[GameId "2160767910642421"]
[EventDate "2007.07.06"]
[EventType "tourn"]
[EventCountry "CAN"]
[SourceTitle "EXT 2022"]
[Source "ChessBase"]
[SourceDate "2021.10.06"]
[SourceVersion "1"]
[SourceVersionDate "2021.10.06"]
[SourceQuality "1"]

1. e4 e5 2. Nf3 Nc6 3. Bc4 Bc5 4. c3 Bb6 5. d4 d6 6. Be3 Bg4 7. d5 Nce7 8. Bxb6 axb6 9. Nbd2 Nf6 10. h3 Bh5 11. Be2 O-O 12. Ng5 Bxe2 13. Qxe2 h6 14. Ngf3 Nh7 15. O-O f5 16. Nh4 fxe4 17. Nxe4 Nxd5 18. Ng6 Nf4 19. Nxf4 Rxf4 20. Rad1 Ra4 21. Ng3 Qa8 22. a3 Qa6 23. Qh5 Qa8 24. Nf5 Qf8 25. Nh4 Rxh4 26. Qe2 Ng5 27. Rd3 Qf5 28. Qe3 Rae4 29. Qg3 Qf4 30. Rfd1 Re2 31. b3 Qxg3 32. Rxg3 Rhe4 33. h4 Rxh4 34. Ra1 Rhe4 35. a4 Re1+ 36. Rxe1 Rxe1+ 37. Kh2 e4 38. b4 Re2 39. Kg1 Rb2 40. Kf1 Ra2 41. f4 exf3 42. gxf3 Rxa4 43. f4 Ne4 44. Re3 Nf6 45. Re7 Nd5 46. Re4 Nxc3 47. Rc4 Nd5 48. Ke2 Rxb4 49. Rxb4 Nxb4 50. Ke3 h5 51. Kf3 d5 52. Ke3 h4 53. Kf2 d4 54. Kg2 d3 55. Kf2 h3 56. Kf1 d2 57. Ke2 h2 0-1

[Event "CYCC U10 w playoff"]
[Site "Ottawa CAN"]
[Date "2007.07.06"]
[Round "1"]
[White "Kang, Lin Fei"]
[Black "Mehdiyeva, Masha"]
[Result "1-0"]
[WhiteElo "1265"]
[BlackElo "1083"]
[PlyCount "75"]
[GameId "2160767910642422"]
[EventDate "2007.07.06"]
[EventType "tourn"]
[EventCountry "CAN"]
[SourceTitle "EXT 2022"]
[Source "ChessBase"]
[SourceDate "2021.10.06"]
[SourceVersion "1"]
[SourceVersionDate "2021.10.06"]
[SourceQuality "1"]

1. e4 c5 2. Nf3 d6 3. d4 cxd4 4. Nxd4 Nf6 5. Nc3 g6 6. Be2 Bg7 7. O-O O-O 8. Be3 Nc6 9. h3 a6 10. Rc1 Bd7 11. Qd3 b5 12. a3 Rb8 13. b4 Nxd4 14. Bxd4 Be6 15. Bxf6 Bxf6 16. Nd5 Bxd5 17. Qxd5 Bb2 18. Rb1 Bxa3 19. Rb3 Bxb4 20. Rxb4 a5 21. Rxb5 Rxb5 22. Qxb5 e5 23. Ra1 Qc7 24. Bd3 Qc3 25. Rxa5 Qe1+ 26. Kh2 Qxf2 27. Ra1 Rc8 28. Qd7 Qf4+ 29. Kh1 Rf8 30. Qxd6 f5 31. Rf1 Qg5 32. Qxe5 Qd2 33. Bc4+ Rf7 34. Qe8+ Kg7 35. Qxf7+ Kh6 36. Bd3 fxe4 37. Bxe4 Qg5 38. Qf4 1-0

[Event "CYCC U10 w playoff"]
[Site "Ottawa CAN"]
[Date "2007.07.06"]
[Round "2"]
[White "Giblon, Rebecca"]
[Black "Foote, Joanne"]
[Result "1-0"]
[WhiteElo "1324"]
[BlackElo "1218"]
[PlyCount "61"]
[GameId "2160767910642423"]
[EventDate "2007.07.06"]
[EventType "tourn"]
[EventCountry "CAN"]
[SourceTitle "EXT 2022"]
[Source "ChessBase"]
[SourceDate "2021.10.06"]
[SourceVersion "1"]
[SourceVersionDate "2021.10.06"]
[SourceQuality "1"]

1. e4 e6 2. d4 d5 3. e5 c5 4. c3 Qb6 5. Nf3 Bd7 6. Be2 Bb5 7. O-O Ne7 8. Bg5 Nf5 9. Bxb5+ Qxb5 10. Qd2 Nc6 11. Na3 Qb6 12. Nc2 Be7 13. Bxe7 Ncxe7 14. Rfd1 O-O 15. h3 Qxb2 16. Rdb1 Qxb1+ 17. Rxb1 b6 18. Ne3 Nxe3 19. Qxe3 cxd4 20. cxd4 Rfc8 21. Rc1 Rxc1+ 22. Qxc1 Rc8 23. Qa3 a5 24. Qxe7 h6 25. Qa7 Rc1+ 26. Kh2 Rb1 27. Kg3 Ra1 28. Qxb6 Rxa2 29. Qb3 Ra1 30. Qb2 Ra4 31. Nd2 1-0

[Event "CYCC U10 w playoff"]
[Site "Ottawa CAN"]
[Date "2007.07.06"]
[Round "2"]
[White "Mehdiyeva, Masha"]
[Black "Kang, Lin Fei"]
[Result "0-1"]
[WhiteElo "1083"]
[BlackElo "1265"]
[PlyCount "80"]
[GameId "2160767910642424"]
[EventDate "2007.07.06"]
[EventType "tourn"]
[EventCountry "CAN"]
[SourceTitle "EXT 2022"]
[Source "ChessBase"]
[SourceDate "2021.10.06"]
[SourceVersion "1"]
[SourceVersionDate "2021.10.06"]
[SourceQuality "1"]

1. e4 e5 2. Nf3 Nc6 3. Nc3 Bc5 4. Bb5 Nge7 5. O-O b6 6. a3 Bb7 7. b4 Bd4 8. Nxd4 Nxd4 9. a4 a6 10. Be2 Nxe2+ 11. Qxe2 O-O 12. d3 Ng6 13. h3 Qe7 14. b5 axb5 15. Nxb5 Qc5 16. Ba3 Nf4 17. Qf3 Qxc2 18. Bxf8 Kxf8 19. Kh1 Nxd3 20. Na3 Qxa4 21. Qxd3 Ba6 22. Qf3 Bxf1 23. Rxf1 Qxa3 24. Qxa3+ Rxa3 25. Rc1 c6 26. Rd1 Ke7 27. Kg1 b5 28. Kf1 b4 29. Ke2 c5 30. Kd2 Kd6 31. Rb1 Kc6 32. g3 Kb5 33. f4 exf4 34. gxf4 c4 35. h4 c3+ 36. Kc2 Kc4 37. e5 b3+ 38. Kc1 c2 39. Rb2 Kc3 40. f5 Ra1+ 0-1

[Event "CYCC U12"]
[Site "Ottawa CAN"]
[Date "2007.07.03"]
[Round "1"]
[White "Chan, Alex H"]
[Black "Tan, Guang Tong"]
[Result "1-0"]
[WhiteElo "1675"]
[BlackElo "1392"]
[PlyCount "125"]
[GameId "2160767910650832"]
[EventDate "2007.07.03"]
[EventType "swiss"]
[EventRounds "7"]
[EventCountry "CAN"]
[SourceTitle "EXT 2022"]
[Source "ChessBase"]
[SourceDate "2021.10.06"]
[SourceVersion "1"]
[SourceVersionDate "2021.10.06"]
[SourceQuality "1"]

1. e4 e5 2. Nf3 Nc6 3. Bb5 a6 4. Ba4 Nf6 5. O-O Be7 6. Re1 b5 7. Bb3 O-O 8. c3 Bb7 9. h3 d6 10. d4 Re8 11. Nbd2 Qd7 12. Nf1 Rad8 13. Ng3 h6 14. a4 exd4 15. axb5 axb5 16. cxd4 Ra8 17. Rxa8 Rxa8 18. Bd2 Bf8 19. Bc3 Re8 20. d5 Ne5 21. Nxe5 dxe5 22. Nh5 Nxh5 23. Qxh5 Bd6 24. Re3 Qe7 25. Rg3 Qf6 26. Rf3 Qe7 27. Rg3 Qf6 28. Bd2 Kh7 29. Rf3 Qg6 30. Qh4 f6 31. Rg3 Qf7 32. Bd1 Rd8 33. Bh5 Qf8 34. Bg6+ Kh8 35. Qh5 Bc8 36. Bf7 Bd7 37. Bxh6 gxh6 38. Rg8+ Qxg8 39. Qxh6+ Qh7 40. Qxf6+ Qg7 41. Qxd8+ Kh7 42. Qxd7 b4 43. Be6 Qxd7 44. Bxd7 Kg7 45. b3 Kf6 46. g3 Kg5 47. Kg2 Kg6 48. f3 Kg5 49. h4+ Kg6 50. Kh3 Kh6 51. g4 Kg6 52. Kg3 Kf6 53. g5+ Kg6 54. Kg4 Kg7 55. Kf5 Kf7 56. h5 Kg7 57. h6+ Kf7 58. g6+ Kg8 59. Kf6 Kh8 60. Kf7 c5 61. g7+ Kh7 62. g8=Q+ Kxh6 63. Qg6# 1-0

[Event "CYCC U12"]
[Site "Ottawa CAN"]
[Date "2007.07.03"]
[Round "1"]
[White "Godreau, Kieran"]
[Black "Florea, Alexandru"]
[Result "0-1"]
[WhiteElo "1090"]
[BlackElo "1781"]
[PlyCount "50"]
[GameId "2160767910650833"]
[EventDate "2007.07.03"]
[EventType "swiss"]
[EventRounds "7"]
[EventCountry "CAN"]
[SourceTitle "EXT 2022"]
[Source "ChessBase"]
[SourceDate "2021.10.06"]
[SourceVersion "1"]
[SourceVersionDate "2021.10.06"]
[SourceQuality "1"]

1. e3 d5 2. Nc3 Nf6 3. Nf3 Bg4 4. d4 e6 5. Bb5+ c6 6. Ba4 Bd6 7. O-O O-O 8. h3 Bh5 9. Ne2 Bxf3 10. gxf3 a5 11. c3 Nbd7 12. Qd3 e5 13. dxe5 Nxe5 14. Qf5 g6 15. Qg5 Nxf3+ 16. Kg2 Nxg5 17. Bd2 Nfe4 18. Rad1 Qd7 19. Rh1 Qf5 20. Rdf1 Nxd2 21. Rd1 Qf3+ 22. Kg1 Nde4 23. Rh2 Bxh2+ 24. Kxh2 Qxh3+ 25. Kg1 Nf3# 0-1

[Event "CYCC U12"]
[Site "Ottawa CAN"]
[Date "2007.07.03"]
[Round "1"]
[White "Han, Yifei"]
[Black "Marcotte, Neil"]
[Result "0-1"]
[WhiteElo "1854"]
[BlackElo "1230"]
[PlyCount "40"]
[GameId "2160767910650834"]
[EventDate "2007.07.03"]
[EventType "swiss"]
[EventRounds "7"]
[EventCountry "CAN"]
[SourceTitle "EXT 2022"]
[Source "ChessBase"]
[SourceDate "2021.10.06"]
[SourceVersion "1"]
[SourceVersionDate "2021.10.06"]
[SourceQuality "1"]

1. e4 e5 2. Nf3 Nc6 3. Bb5 a6 4. Ba4 b5 5. Bb3 Nf6 6. O-O Nxe4 7. Re1 Nc5 8. Nxe5 Nxe5 9. Rxe5+ Be7 10. Bxf7+ Kxf7 11. Qf3+ Bf6 12. Rxc5 Re8 13. Qd1 Qe7 14. Kf1 Qxc5 15. d3 Bb7 16. Nc3 Qc6 17. Ne4 Re7 18. Qh5+ Kf8 19. Qxh7 Qxc2 20. Nxf6 Qd1# 0-1

[Event "CYCC U12"]
[Site "Ottawa CAN"]
[Date "2007.07.03"]
[Round "1"]
[White "Hughes, Ben"]
[Black "Constantinescu, Vlad"]
[Result "0-1"]
[WhiteElo "870"]
[BlackElo "1676"]
[PlyCount "48"]
[GameId "2160767910650835"]
[EventDate "2007.07.03"]
[EventType "swiss"]
[EventRounds "7"]
[EventCountry "CAN"]
[SourceTitle "EXT 2022"]
[Source "ChessBase"]
[SourceDate "2021.10.06"]
[SourceVersion "1"]
[SourceVersionDate "2021.10.06"]
[SourceQuality "1"]

1. e4 e5 2. Nf3 Nc6 3. Bc4 Nf6 4. Nc3 Bb4 5. d3 d5 6. exd5 Nxd5 7. Bxd5 Qxd5 8. a3 Bxc3+ 9. bxc3 O-O 10. O-O Bg4 11. c4 Qd7 12. a4 Nd4 13. Ba3 c5 14. Nxd4 Bxd1 15. Raxd1 Qxd4 16. Rde1 b6 17. Re4 Qc3 18. Bc1 Qxc2 19. Rxe5 Rfe8 20. Rfe1 Rxe5 21. Rf1 Rae8 22. h3 Qxd3 23. Bf4 Qxf1+ 24. Kxf1 Re1# 0-1

[Event "CYCC U12"]
[Site "Ottawa CAN"]
[Date "2007.07.03"]
[Round "1"]
[White "Li, Changhe"]
[Black "Gustafson, Blake"]
[Result "1-0"]
[WhiteElo "1807"]
[BlackElo "1153"]
[PlyCount "64"]
[GameId "2160767910650837"]
[EventDate "2007.07.03"]
[EventType "swiss"]
[EventRounds "7"]
[EventCountry "CAN"]
[SourceTitle "EXT 2022"]
[Source "ChessBase"]
[SourceDate "2021.10.06"]
[SourceVersion "1"]
[SourceVersionDate "2021.10.06"]
[SourceQuality "1"]

1. e4 e5 2. Nf3 Nf6 3. Nc3 Nc6 4. d4 Bd6 5. d5 Ne7 6. Be2 O-O 7. O-O a6 8. Bg5 Ne8 9. Nd2 f6 10. Be3 c6 11. Nc4 cxd5 12. Nxd5 Nxd5 13. Qxd5+ Kh8 14. Nxd6 Nxd6 15. Qxd6 Rf7 16. Bc4 Qe7 17. Bc5 Qxd6 18. Bxd6 Kg8 19. Rad1 b5 20. Bd5 Rb8 21. Bxb8 Bb7 22. Bxb7 Rf8 23. Bd5+ Kh8 24. Bd6 Rc8 25. c3 a5 26. Bb7 Re8 27. Bc7 g5 28. Rxd7 g4 29. Rfd1 h5 30. Rf7 h4 31. Rdd7 h3 32. Rh7+ Kg8 1-0

[Event "CYCC U12"]
[Site "Ottawa CAN"]
[Date "2007.07.03"]
[Round "1"]
[White "Marinkovic, Mate"]
[Black "Farrant-Diaz, Nathan"]
[Result "1-0"]
[WhiteElo "1907"]
[BlackElo "1311"]
[PlyCount "29"]
[GameId "2160767910650838"]
[EventDate "2007.07.03"]
[EventType "swiss"]
[EventRounds "7"]
[EventCountry "CAN"]
[SourceTitle "EXT 2022"]
[Source "ChessBase"]
[SourceDate "2021.10.06"]
[SourceVersion "1"]
[SourceVersionDate "2021.10.06"]
[SourceQuality "1"]

1. d4 e6 2. Nf3 c5 3. c3 Nf6 4. Bg5 h6 5. Bh4 Nc6 6. e3 b6 7. Nbd2 Bb7 8. Bd3 Be7 9. O-O O-O 10. Qe2 Nd5 11. Bxe7 Qxe7 12. Rae1 cxd4 13. exd4 Nf4 14. Qe4 Nb4 15. Qh7# 1-0

[Event "CYCC U12"]
[Site "Ottawa CAN"]
[Date "2007.07.03"]
[Round "1"]
[White "Qin, Zi Yi (Joey)"]
[Black "Itkin, David"]
[Result "1-0"]
[WhiteElo "2089"]
[BlackElo "1482"]
[PlyCount "49"]
[GameId "2160767910650839"]
[EventDate "2007.07.03"]
[EventType "swiss"]
[EventRounds "7"]
[EventCountry "CAN"]

1. e4 c5 2. Nf3 e6 3. d4 cxd4 4. Nxd4 Nf6 5. Nc3 Qb6 6. Be3 Ng4 7. Be2 Nxe3 8. fxe3 a6 9. O-O Bd6 10. Bd3 Be5 11. Qh5 Bf6 12. e5 g6 13. Qf3 Bxe5 14. Qxf7+ Kd8 15. Kh1 Nc6 16. Nf3 Qc7 17. Nxe5 Qxe5 18. Ne4 b6 19. Nf6 Ra7 20. Qg7 Kc7 21. Qxh8 Kb8 22. Bxa6 Qc7 23. Qxc8+ Qxc8 24. Bxc8 Kxc8 25. Ne4 1-0

[Event "CYCC U12"]
[Site "Ottawa CAN"]
[Date "2007.07.03"]
[Round "1"]
[White "Tyagi, Karthikay"]
[Black "Leu, Richard"]
[Result "0-1"]
[WhiteElo "1156"]
[BlackElo "1824"]
[PlyCount "68"]
[GameId "2160767910650840"]
[EventDate "2007.07.03"]
[EventType "swiss"]
[EventRounds "7"]
[EventCountry "CAN"]
[SourceTitle "EXT 2022"]
[Source "ChessBase"]
[SourceDate "2021.10.06"]
[SourceVersion "1"]
[SourceVersionDate "2021.10.06"]
[SourceQuality "1"]

1. d4 Nf6 2. Nf3 g6 3. g3 Bg7 4. Bg2 O-O 5. O-O d5 6. b3 c5 7. c4 cxd4 8. Nxd4 Nc6 9. Nxc6 bxc6 10. cxd5 Nxd5 11. Nd2 Bxa1 12. Nf3 Bg7 13. e4 Nc3 14. Qc2 Nb5 15. Qxc6 Bd7 16. Qc2 Rc8 17. Qb1 Nc3 18. Qc2 Bb5 19. Re1 Ne2+ 20. Rxe2 Rxc2 21. Re1 Bc3 22. Bd2 Rxd2 23. Nxd2 Qxd2 24. Rb1 Bd4 25. h4 Bd3 26. Kh2 Bxb1 27. Kh3 g5 28. h5 f5 29. f3 fxe4 30. fxe4 Qxg2+ 31. Kxg2 Bxe4+ 32. Kh3 Rf1 33. Kg4 h6 34. a4 Bf5# 0-1